<?xml version="1.0" encoding="UTF-8"?>
<collection xmlns="http://www.loc.gov/MARC21/slim">
 <record>
  <leader>     na                 </leader>
  <controlfield tag="001">INLIS000000001492172</controlfield>
  <controlfield tag="005">20251125105929</controlfield>
  <datafield tag="035" ind1=" " ind2=" ">
   <subfield code="a">0010-1125000063</subfield>
  </datafield>
  <controlfield tag="007">ta</controlfield>
  <controlfield tag="008">251125                |          | |  </controlfield>
  <datafield tag="082" ind1=" " ind2=" ">
   <subfield code="a">L.310-25042</subfield>
  </datafield>
  <datafield tag="084" ind1=" " ind2=" ">
   <subfield code="a">L.310-25042 EGG h</subfield>
  </datafield>
  <datafield tag="100" ind1="0" ind2=" ">
   <subfield code="a">Eggy Shafa Pramesti</subfield>
   <subfield code="e">Pengarang</subfield>
  </datafield>
  <datafield tag="245" ind1="1" ind2=" ">
   <subfield code="a">HUBUNGAN PARTISIPASI ANGGOTA KELOMPOK WANITA TANI (KWT) DALAM PROGRAM P2L TERHADAP KETAHANAN PANGAN KELUARGA DI DESA NGEMBAL KECAMATAN TUTUR KABUPATEN PASURUAN /</subfield>
   <subfield code="c">Polbangtan Malang</subfield>
  </datafield>
  <datafield tag="300" ind1=" " ind2=" ">
   <subfield code="a">158 hlm</subfield>
  </datafield>
  <datafield tag="650" ind1=" " ind2="4">
   <subfield code="a">Partisipasi, Kelompok Wanita Tani, P2L, Ketahanan Pangan</subfield>
  </datafield>
  <datafield tag="520" ind1=" " ind2=" ">
   <subfield code="a">Penelitian ini bertujuan untuk mengetahui hubungan antara partisipasi anggota&#13;
Kelompok Wanita Tani (KWT) dalam program Pekarangan Pangan Lestari (P2L)&#13;
terhadap ketahanan pangan keluarga di Desa Ngembal, Kecamatan Tutur,&#13;
Kabupaten Pasuruan. Penelitian ini menggunakan metode kuantitatif deskriptif&#13;
dengan pendekatan korelasional. Populasi dalam penelitian ini adalah seluruh&#13;
anggota KWT Andongsari sebanyak 30 orang yang sekaligus menjadi sampel&#13;
(sampling jenuh). Hasil penelitian menunjukkan bahwa partisipasi anggota KWT&#13;
berada dalam kategori tinggi, baik dalam hal pengambilan keputusan,&#13;
pelaksanaan, pemanfaatan hasil, maupun evaluasi kegiatan. Uji korelasi Rank&#13;
Spearman menunjukkan adanya hubungan yang signifikan antara partisipasi&#13;
anggota KWT dengan ketahanan pangan keluarga pada seluruh aspek, yakni&#13;
ketersediaan, keterjangkauan, dan pemanfaatan pangan. Partisipasi aktif dalam&#13;
program terbukti mampu meningkatkan akses keluarga terhadap pangan sehat,&#13;
mengurangi pengeluaran rumah tangga, serta meningkatkan kesadaran konsumsi&#13;
gizi seimbang. Berdasarkan hasil tersebut, disusunlah rancangan penyuluhan&#13;
pertanian dengan sasaran anggota KWT yang bertujuan memperkuat dan&#13;
mempertahankan partisipasi mereka dalam memanfaatkan pekarangan secara&#13;
optimal sebagai sumber pangan dan potensi ekonomi keluarga. Metode&#13;
penyuluhan yang digunakan mencakup ceramah, diskusi, dan demonstrasi cara,&#13;
dengan dukungan media folder dan audio visual. Kesimpulan dari penelitian ini&#13;
adalah bahwa keterlibatan aktif anggota KWT dalam program P2L berperan&#13;
penting dalam mewujudkan ketahanan pangan rumah tangga. Oleh karena itu,&#13;
disarankan agar program penyuluhan terus dikembangkan dan diberikan&#13;
pendampingan yang berkelanjutan untuk memperkuat peran perempuan dalam&#13;
pembangunan pertanian berbasis pekarangan.</subfield>
  </datafield>
  <datafield tag="336" ind1=" " ind2=" ">
   <subfield code="2">rdacontent</subfield>
   <subfield code="a">Text</subfield>
  </datafield>
  <datafield tag="337" ind1=" " ind2=" ">
   <subfield code="2">rdamedia</subfield>
   <subfield code="a">Buku Tercetak</subfield>
  </datafield>
  <datafield tag="338" ind1=" " ind2=" ">
   <subfield code="2">rdacarrier</subfield>
   <subfield code="a">Hardcopy</subfield>
  </datafield>
  <datafield tag="856" ind1=" " ind2=" ">
   <subfield code="a">https://repository.polbangtanmalang.ac.id/xmlui/handle/123456789/1983</subfield>
  </datafield>
  <datafield tag="264" ind1=" " ind2=" ">
   <subfield code="a">Malang :</subfield>
   <subfield code="b">Polbangtan Malang,</subfield>
   <subfield code="c">2025</subfield>
  </datafield>
  <datafield tag="990" ind1=" " ind2=" ">
   <subfield code="a">L.310-25042</subfield>
  </datafield>
 </record>
</collection>
